| 000 | 00497nam a2200181Ia 4500 | ||
|---|---|---|---|
| 008 | 140321s9999 xx 000 0 und d | ||
| 020 | _a9781616285470 | ||
| 050 |
_aTX 823 _b.M643 2013 |
||
| 100 | _aMiles, Jonathan | ||
| 245 |
_aField & stream the wild chef / _cJonathan Miles. |
||
| 260 |
_aCalifornia : _bWeldonowen, _cc2013. |
||
| 300 |
_a219 p. : _bcol. ill. ; _c26 cm. |
||
| 500 | _aIncludes index. | ||
| 521 | _aTOU | ||
| 650 | _aOutdoor cooking. | ||
| 942 |
_kFOR _cBK |
||
| 999 |
_c48304 _d48304 |
||